• 首页
  • 本馆介绍
  • 公告通知
  • 最新文献
  • 馆藏检索
  • 电子资源
  • 读者导购
  • 参考咨询
  • 我的图书馆
  • 登录
  • 详细信息显示
  • 放入我的书架
  • 预约/预借图书
  • 作者相关作品
  • 分类相关作品
  • 丛书相关作品
  • 出版社相关作品

书目信息

  • 表格格式
  • 工作单格式
  • 卡片格式
题名:
辩证唯物主义常识自学解难
    
 
作者: ;北京市海淀区教师进修学校 主编
分册:  
出版信息: 重庆   重庆出版社  1988
页数: 113页
开本: 19cm
丛书名:
单 册:
中图分类: G633.21
科图分类:
主题词: 辩证唯物主义--中学--课外读物
电子资源:
ISBN: 7-5366-0075-5
000 00792nam0 2200253 45
001 0187015818
005 20040427155628.9
010    @a7-5366-0075-5@dCNY0.55
100    @a19951124d1988 em y0chiy0121 ea
101 0  @achi
102    @aCN@b510000
105    @ay z 000yy
106    @ar
200 10 @a辩证唯物主义常识自学解难@Abian zheng wei wu zhu yi chang shi zi xue jie nan@f北京市海淀区教师进修学校主编
205    @a2版
210    @a重庆@c重庆出版社@d1988
215    @a113页@d19cm
300    @a附参考答案
606    @a辩证唯物主义@x中学@x课外读物
690    @aG633.21@v3
711 02 @a北京市海淀区教师进修学校@4主编@Abei jing shi hai dian qu jiao shi jin xiu xue jiao
801  0 @aCN@b深圳图书馆@c20040427
801  2 @aCN@bNLC@c20040427
905    @f4@b252696-699@dG633.21@e52=2
    
    辩证唯物主义常识自学解难/北京市海淀区教师进修学校主编.-2版.-重庆:重庆出版社,1988
    113页;19cm
    附参考答案
    
    ISBN 7-5366-0075-5:CNY0.55
    
●
相关链接 在E读中查询图书 在五车中查询图书 在当当中查询图书 在豆瓣中查询图书


正题名:辩证唯物主义常识自学解难     索取号:G633.21/52=2         预约/预借

序号 登录号 条形码 馆藏地/架位号 状态 备注
1 0252696   000473302   密集书库/ [索取号:G633.21/52=2] 在馆    
2 0252697   000473348   密集书库/ [索取号:G633.21/52=2] 在馆    
3 0252698   000473384   密集书库/ [索取号:G633.21/52=2] 在馆    
4 0252699   000473428   密集书库/ [索取号:G633.21/52=2] 在馆    
5 0252700   000473464   第一样本阅览室/ [索取号:G633.21/52=2] 在馆    
唐山师范学院图书馆 欢迎您!
大连网信软件有限公司© 版权所有